Gujrati galpoguchchho (Record no. 6792)

MARC details
000 -LEADER
fixed length control field 00484cam a2200193ua 4500
008 - FIXED-LENGTH DATA ELEMENTS--GENERAL INFORMATION
fixed length control field 141220n ii |||gr||||Z||||||ben
040 ## - CATALOGING SOURCE
Transcribing agency MAIN
041 ## - LANGUAGE CODE
-- ben
082 ## - DEWEY DECIMAL CLASSIFICATION NUMBER
Classification number 891.443
100 ## - MAIN ENTRY--PERSONAL NAME
Personal name Shukla, J.,
Relator term
245 1# - TITLE STATEMENT
Title Gujrati galpoguchchho
Statement of responsibility, etc. Edited by Joshbanta Shukla
250 ## - EDITION STATEMENT
Edition statement 2nd.
260 ## - PUBLICATION, DISTRIBUTION, ETC.
Place of publication, distribution, etc. New Delhi:
Name of publisher, distributor, etc. National,
Date of publication, distribution, etc. 1992.
300 ## - PHYSICAL DESCRIPTION
Extent 174p.
942 ## - ADDED ENTRY ELEMENTS (KOHA)
Koha item type Books
653 ## - INDEX TERM--UNCONTROLLED
Uncontrolled term East Indo-European & Celtic literatures
653 ## - INDEX TERM--UNCONTROLLED
Uncontrolled term Bengali stories
Holdings
Withdrawn status Lost status Damaged status Not for loan Home library Current library Date acquired Total Checkouts Full call number Barcode Date last seen Copy number Price effective from Koha item type
        Naharkatiya College Library Naharkatiya College Library 19/09/2020   891.443 | GUJ 12639 19/09/2020 1 19/09/2020 Books

Naharkatiya College © 2020. All rights reserved.

Powered By